00228nam a2200097 4500082001200000100002100012245002300033250001400056260005200070300000800122 a540 BRO aTheodore L.Brown aGeneral chemistry  a2 Edition aOhiobCharles E.Merril Publishing Companyc1963 a668